Estructura social de la población cubana en E.U. /

में बचाया:
ग्रंथसूची विवरण
मुख्य लेखक: Valdés Paz, Juan
अन्य लेखक: Hernández, Rafael
स्वरूप: मूलपाठ
प्रकाशित: La Habana: Centro de Estudios sobre América
टैग: टैग जोड़ें
कोई टैग नहीं, इस रिकॉर्ड को टैग करने वाले पहले व्यक्ति बनें!

MARC

LEADER 00000 a a2200000 04500
001 24855
003
040
090 |a 178700  
100 |a Valdés Paz, Juan  
245 |a Estructura social de la población cubana en E.U. /  |c Juan Valdés Paz 
260 |a La Habana:   |b Centro de Estudios sobre América  
300 |a 48 p.  
700 |a Hernández, Rafael  
999 |c 15309  |d 15309